[Event "Titled Tuesday intern op 03rd Jan Late"]
[Site "Chess.com INT"]
[Date "2025.06.03"]
[Round "6"]
[White "Bullen, Alex"]
[Black "Silva, Lucas"]
[Result "0-1"]
[WhiteElo "2160"]
[BlackElo "2227"]
[PlyCount "90"]
[EventDate "2025.06.03"]
[EventType "swiss (blitz)"]
[EventRounds "11"]
[EventCountry "USA"]
[SourceTitle "CB24_2025"]
[SourceDate "2025.06.11"]
[SourceVersion "1"]
[SourceVersionDate "2025.06.11"]
[SourceQuality "1"]

1. c3 Nf6 2. d4 e6 3. Nf3 b6 4. Bg5 Bb7 5. e3 h6 6. Bh4 g5 7. Bg3 Ne4 8. Nbd2 d6 9. Nxe4 Bxe4 10. Bd3 Bxd3 11. Qxd3 Nd7 12. e4 Bg7 13. h3 Qe7 14. Nd2 e5 15. dxe5 Bxe5 16. Bxe5 Nxe5 17. Qb5+ c6 18. Qe2 0-0-0 19. 0-0-0 Qe6 20. Nb3 Kb7 21. Kb1 Rhe8 22. f3 Qc4 23. Qxc4 Nxc4 24. Rd3 f5 25. exf5 Re2 26. g4 Rxb2+ 27. Ka1 Rf2 28. Nd4 Re8 29. Ne6 d5 30. Re1 Kc8 31. f6 Nd6 32. Rde3 Rh8 33. Nd4 Rf8 34. Re6 Kd7 35. Re7+ Kc8 36. Nxc6 Rxf6 37. Nxa7+ Kd8 38. Nc6+ Kc8 39. Ra7 R2xf3 40. Ne7+ Kb8 41. Rd7 Rf1 42. Rxf1 Rxf1+ 43. Kb2 Nc4+ 44. Kb3 Rb1+ 45. Ka4 b5# 0-1

[Event "Titled Tuesday intern op 03rd Jan Late"]
[Site "Chess.com INT"]
[Date "2025.06.03"]
[Round "3"]
[White "Do Carmo, Gabriel Carckeno"]
[Black "Silva, Lucas"]
[Result "0-1"]
[WhiteElo "2021"]
[BlackElo "2227"]
[PlyCount "76"]
[EventDate "2025.06.03"]
[EventType "swiss (blitz)"]
[EventRounds "11"]
[EventCountry "USA"]
[SourceTitle "CB24_2025"]
[SourceDate "2025.06.11"]
[SourceVersion "1"]
[SourceVersionDate "2025.06.11"]
[SourceQuality "1"]

1. c4 Nf6 2. Nc3 e6 3. e4 d6 4. Nf3 c5 5. d4 cxd4 6. Nxd4 Nc6 7. Be3 a6 8. Be2 Qc7 9. Rc1 Be7 10. 0-0 0-0 11. f4 Nxd4 12. Bxd4 Bd7 13. Bd3 e5 14. Nd5 Nxd5 15. cxd5 Qb8 16. Bb6 Bd8 17. Qb3 Bb5 18. Be3 Bxd3 19. Qxd3 exf4 20. Bxf4 Bf6 21. Rc2 Qd8 22. Qg3 Re8 23. Qf3 Qe7 24. Re1 Rac8 25. Rxc8 Rxc8 26. Kh1 h6 27. Qg3 Be5 28. Bxe5 dxe5 29. Qd3 Qd6 30. Rd1 Rc5 31. a3 b5 32. b4 Rc4 33. h3 h5 34. Kh2 h4 35. Kg1 Qb6+ 36. Kh1 Qg6 37. Qe3 Rxe4 38. Qf2 Rf4 0-1

[Event "Titled Tuesday intern op 03rd Jan Late"]
[Site "Chess.com INT"]
[Date "2025.06.03"]
[Round "1"]
[White "Silva, Lucas"]
[Black "Escareno Rojas, Angel"]
[Result "1-0"]
[WhiteElo "2227"]
[BlackElo "1965"]
[PlyCount "101"]
[EventDate "2025.06.03"]
[EventType "swiss (blitz)"]
[EventRounds "11"]
[EventCountry "USA"]
[SourceTitle "CB24_2025"]
[SourceDate "2025.06.11"]
[SourceVersion "1"]
[SourceVersionDate "2025.06.11"]
[SourceQuality "1"]

1. e4 c5 2. Nf3 d6 3. Bb5+ Bd7 4. Bxd7+ Nxd7 5. c3 Ngf6 6. Qe2 e6 7. d4 cxd4 8. cxd4 d5 9. e5 Ne4 10. Nbd2 Bb4 11. 0-0 Nxd2 12. Bxd2 Bxd2 13. Qxd2 0-0 14. Rac1 Nb6 15. Rc3 Nc4 16. Qc1 Rc8 17. h4 Qa5 18. a3 Rc6 19. h5 h6 20. g4 Rfc8 21. Kg2 Nxa3 22. Rxc6 Rxc6 23. Qf4 Nc4 24. g5 hxg5 25. Nxg5 Rc7 26. Rd1 Qa4 27. Rd3 Qc2 28. Rg3 Qf5 29. Qh4 Nxb2 30. h6 g6 31. h7+ Kh8 32. Nf3 Rc8 33. Rg5 Qb1 34. Rg4 Qf5 35. Rf4 g5 36. Rxf5 gxh4 37. Rxf7 Nd3 38. Rxb7 Nf4+ 39. Kh2 Rc2 40. Kg1 Rc1+ 41. Kh2 Rf1 42. Ng5 Rxf2+ 43. Kh1 h3 44. Rb8+ Kg7 45. h8Q+ Kg6 46. Qh7+ Kxg5 47. Rg8+ Ng6 48. Qxg6+ Kf4 49. Qg3+ Ke4 50. Rg4+ Rf4 51. Rxf4# 1-0

[Event "Titled Tuesday intern op 06th May Early"]
[Site "Chess.com INT"]
[Date "2025.05.06"]
[Round "8"]
[White "Silva, Lucas"]
[Black "Negrean, Andrei"]
[Result "0-1"]
[WhiteElo "2227"]
[BlackElo "2336"]
[PlyCount "92"]
[EventDate "2025.05.06"]
[EventType "swiss (blitz)"]
[EventRounds "11"]
[EventCountry "USA"]
[SourceTitle "CB20_2025"]
[SourceDate "2025.05.14"]
[SourceVersion "1"]
[SourceVersionDate "2025.05.14"]
[SourceQuality "1"]

1. d4 Nf6 2. c4 g6 3. Nc3 Bg7 4. e4 d6 5. Nf3 0-0 6. h3 c5 7. d5 e6 8. Be2 exd5 9. exd5 Na6 10. 0-0 Nc7 11. a4 Nd7 12. Bg5 Bf6 13. Qd2 Ne5 14. Bxf6 Nxf3+ 15. Bxf3 Qxf6 16. Ne4 Qd8 17. Qh6 f6 18. Rfe1 Bf5 19. Nc3 Rf7 20. g4 Bd7 21. Qf4 Qf8 22. Ne4 Ne8 23. Re3 h6 24. Nc3 f5 25. g5 hxg5 26. Qxg5 f4 27. Re2 Bxh3 28. Rae1 Bf5 29. Ne4 Bxe4 30. Rxe4 Ng7 31. Bg4 Qd8 32. Qxg6 Kf8 33. Qh7 Rf6 34. Qh8+ Kf7 35. Bh5+ Nxh5 36. Qxh5+ Kg7 37. Kf1 Qf8 38. Re7+ Rf7 39. R7e6 Rf6 40. Re7+ Rf7 41. Qg5+ Kh8 42. R1e6 Rxe7 43. Rh6+ Rh7 44. Rxh7+ Kxh7 45. Qh5+ Kg7 46. Qg6+ Kxg6 0-1

[Event "Titled Tuesday intern op 06th May Early"]
[Site "Chess.com INT"]
[Date "2025.05.06"]
[Round "7"]
[White "Yushko, Olga"]
[Black "Silva, Lucas"]
[Result "0-1"]
[WhiteElo "2036"]
[BlackElo "2227"]
[PlyCount "56"]
[EventDate "2025.05.06"]
[EventType "swiss (blitz)"]
[EventRounds "11"]
[EventCountry "USA"]
[SourceTitle "CB20_2025"]
[SourceDate "2025.05.14"]
[SourceVersion "1"]
[SourceVersionDate "2025.05.14"]
[SourceQuality "1"]

1. d4 Nf6 2. c4 e6 3. Nc3 Bb4 4. f3 d5 5. e3 0-0 6. Bd3 c5 7. a3 Bxc3+ 8. bxc3 dxc4 9. Bxc4 Qc7 10. Qb3 Nc6 11. Be2 Na5 12. Qc2 e5 13. Qd1 Be6 14. Rb1 Rad8 15. Nh3 exd4 16. cxd4 cxd4 17. exd4 Bxh3 18. gxh3 Nd5 19. Bd2 Nc6 20. Rc1 Rfe8 21. 0-0 Qd7 22. Bb5 Re6 23. Ba5 Rg6+ 24. Kf2 Re8 25. Re1 h5 26. Rxe8+ Qxe8 27. Bxc6 Qe3+ 28. Kf1 Rg1# 0-1

[Event "Buenos Aires Faogba op 3rd"]
[Site "Buenos Aires"]
[Date "2025.04.03"]
[Round "3"]
[White "Silva, Lucas"]
[Black "Mareco, Sandro"]
[Result "0-1"]
[WhiteElo "2248"]
[BlackElo "2588"]
[PlyCount "176"]
[EventDate "2025.04.02"]
[EventType "swiss"]
[EventRounds "9"]
[EventCountry "ARG"]
[SourceTitle "CB16_2025"]
[SourceDate "2025.04.16"]
[SourceVersion "1"]
[SourceVersionDate "2025.04.16"]
[SourceQuality "1"]

1. d4 Nf6 2. c4 e6 3. Nf3 d5 4. g3 Bb4+ 5. Bd2 a5 6. Bg2 0-0 7. Qc2 c5 8. cxd5 cxd4 9. Nxd4 Qb6 10. e3 exd5 11. 0-0 Nc6 12. Nxc6 bxc6 13. Rc1 Qb8 14. Bc3 Bxc3 15. Nxc3 h5 16. h4 Re8 17. Ne2 Bd7 18. Nf4 Ra6 19. b3 Rb6 20. Qd1 Qe5 21. Nd3 Qd6 22. Nf4 Rb4 23. a3 Rbb8 24. Rc3 g6 25. Qd4 Rb5 26. Rd1 Reb8 27. Qd3 Qe7 28. Rdc1 Ng4 29. e4 Ne5 30. Qe3 dxe4 31. Qxe4 Qxa3 32. Rd1 Bg4 33. Re1 Qb2 34. Rce3 Bf5 35. Qa4 Ng4 36. R3e2 Qc3 37. Qa3 Rxb3 38. Re8+ Kh7 39. Qe7 Qf6 40. Qf8 Rxe8 41. Rxe8 Rb1+ 42. Bf1 Nh6 43. Re7 Rd1 44. Kg2 Qh8 45. Qxh8+ Kxh8 46. Ra7 Ra1 47. Bc4 Kg7 48. Ne2 Be4+ 49. f3 Bd5 50. Bxd5 cxd5 51. Nf4 Ra2+ 52. Kh3 Ra3 53. Kg2 Nf5 54. Nxd5 Nd4 55. Nf4 Nxf3 56. Ne6+ Kf6 57. Nd8 Ne5 58. Nb7 Ra2+ 59. Kf1 a4 60. Nc5 a3 61. Ra6+ Kf5 62. Ra4 g5 63. hxg5 Ng4 64. Ne4 Ne3+ 65. Kg1 Ke5 66. Nc3 Rg2+ 67. Kh1 Rxg3 68. Rxa3 Nd5 69. Nb5 Rxa3 70. Nxa3 Kf4 71. Nc2 Kxg5 72. Kg2 Kg4 73. Nd4 Nf4+ 74. Kf2 h4 75. Nf3 Ng6 76. Nh2+ Kf4 77. Kg2 f5 78. Nf3 Ke3 79. Ne1 Nf4+ 80. Kh2 Kf2 81. Nc2 Kf3 82. Ne1+ Kg4 83. Nc2 Nd5 84. Ne1 Nb4 85. Kg2 f4 86. Kh2 h3 87. Kg1 Kg3 88. Ng2 Nc2 0-1

[Event "Titled Tuesday intern op 01st Apr Early"]
[Site "Chess.com INT"]
[Date "2025.04.01"]
[Round "8"]
[White "Silva, Lucas"]
[Black "Gelman, Alexander"]
[Result "0-1"]
[WhiteElo "2248"]
[BlackElo "2403"]
[PlyCount "64"]
[EventDate "2025.04.01"]
[EventType "swiss (blitz)"]
[EventRounds "11"]
[EventCountry "USA"]
[SourceTitle "CB15_2025"]
[SourceDate "2025.04.09"]
[SourceVersion "1"]
[SourceVersionDate "2025.04.09"]
[SourceQuality "1"]

1. d4 Nf6 2. c4 c5 3. Nf3 cxd4 4. Nxd4 d6 5. g3 a6 6. Bg2 e6 7. Nc3 Be7 8. 0-0 0-0 9. b3 Qc7 10. Bb2 Nbd7 11. Rc1 Ne5 12. h3 Bd7 13. f4 Ng6 14. e4 Rac8 15. Kh1 Qb8 16. a4 Qc7 17. h4 h5 18. Bf3 Qa5 19. Qe2 Rfe8 20. f5 exf5 21. Bxh5 fxe4 22. Bxg6 fxg6 23. Nxe4 d5 24. Ng5 dxc4 25. Qc2 Qd5+ 26. Kh2 Ng4+ 27. Kg1 Bc5 28. Rcd1 Bc6 29. Rf3 Ne5 30. Kh2 Bxd4 31. Rxd4 Nxf3+ 32. Nxf3 Qxf3 0-1

[Event "Titled Tuesday intern op 11th Mar Early"]
[Site "Chess.com INT"]
[Date "2025.03.11"]
[Round "6"]
[White "Silva, Lucas"]
[Black "Mayank, Chakraborty"]
[Result "0-1"]
[WhiteElo "2248"]
[BlackElo "2444"]
[PlyCount "52"]
[EventDate "2025.03.11"]
[EventType "swiss (blitz)"]
[EventRounds "11"]
[EventCountry "USA"]
[SourceTitle "CB12_2025"]
[SourceDate "2025.03.19"]
[SourceVersion "1"]
[SourceVersionDate "2025.03.19"]
[SourceQuality "1"]

1. d4 d5 2. c4 e6 3. Nf3 Be7 4. g3 Nc6 5. Bg2 Nf6 6. 0-0 0-0 7. cxd5 exd5 8. Bg5 Ne4 9. Bxe7 Nxe7 10. Nc3 c6 11. Ne5 Nd6 12. e4 dxe4 13. Nxe4 Ndf5 14. Nf3 Qb6 15. Qd2 Rd8 16. Rfd1 Be6 17. Rac1 Bxa2 18. Rc5 Bd5 19. Qf4 Nxd4 20. Nxd4 Bxe4 21. Re5 Ng6 22. Qxe4 Nxe5 23. Qxe5 c5 24. Bd5 cxd4 25. Rxd4 Kh8 26. Rf4 Qd6 0-1

[Event "Titled Tuesday intern op 04th Mar Early"]
[Site "Chess.com INT"]
[Date "2025.03.04"]
[Round "8"]
[White "Hernandez Izquierdo, Jose A"]
[Black "Silva, Lucas"]
[Result "0-1"]
[WhiteElo "2223"]
[BlackElo "2248"]
[PlyCount "62"]
[EventDate "2025.03.04"]
[EventType "swiss (blitz)"]
[EventRounds "11"]
[EventCountry "USA"]
[SourceTitle "CB11_2025"]
[SourceDate "2025.03.12"]
[SourceVersion "1"]
[SourceVersionDate "2025.03.12"]
[SourceQuality "1"]

1. d4 d5 2. Nc3 c5 3. Bf4 cxd4 4. Qxd4 Nf6 5. e4 e6 6. 0-0-0 Nc6 7. Qa4 Be7 8. exd5 exd5 9. Bb5 0-0 10. Bxc6 bxc6 11. Qxc6 Be6 12. Nf3 Rc8 13. Qa6 Bb4 14. Be5 Nd7 15. Nxd5 Nxe5 16. Nxb4 Qf6 17. Nxe5 Qxe5 18. Kb1 Rb8 19. a3 h5 20. h3 Qf4 21. Qe2 a5 22. Nc6 Rb7 23. Ka1 g6 24. g3 Qf6 25. Nd4 Rfb8 26. Rb1 Bd5 27. Rhd1 Qb6 28. c3 a4 29. Rd2 Qc5 30. f4 Qxa3+ 31. bxa3 Rxb1# 0-1

[Event "Titled Tuesday intern op 04th Mar Early"]
[Site "Chess.com INT"]
[Date "2025.03.04"]
[Round "1"]
[White "Nakhbayeva, Guliskhan"]
[Black "Silva, Lucas"]
[Result "0-1"]
[WhiteElo "2326"]
[BlackElo "2248"]
[PlyCount "98"]
[EventDate "2025.03.04"]
[EventType "swiss (blitz)"]
[EventRounds "11"]
[EventCountry "USA"]
[SourceTitle "CB11_2025"]
[SourceDate "2025.03.12"]
[SourceVersion "1"]
[SourceVersionDate "2025.03.12"]
[SourceQuality "1"]

1. c4 c6 2. g3 d5 3. Bg2 Nf6 4. Nf3 e6 5. b3 Nbd7 6. Bb2 Bd6 7. d4 Qe7 8. 0-0 0-0 9. Ne5 Ne4 10. Nd2 f5 11. f3 Nxd2 12. Qxd2 Qf6 13. f4 Qh6 14. Nxd7 Bxd7 15. a4 Be8 16. Ba3 Bxa3 17. Rxa3 Bh5 18. c5 Qf6 19. b4 a6 20. Rb3 h6 21. Rfb1 Rfc8 22. e3 Be8 23. Bf1 h5 24. h4 Kh7 25. Kh2 Kh6 26. Bd3 Ra7 27. Qe2 Rca8 28. R1b2 Qd8 29. Qd2 g6 30. b5 axb5 31. axb5 Ra1 32. b6 Bd7 33. Rc3 R8a5 34. Rc1 Qa8 35. Rxa1 Rxa1 36. Rb1 Ra2 37. Rb2 Ra1 38. Rb1 Ra3 39. Rb2 Qa4 40. Be2 Ra1 41. Kg2 Qa3 42. Rc2 Rb1 43. Ra2 Qb3 44. Qc2 Qb4 45. Ra4 Qe1 46. Kf3 Qh1+ 47. Kf2 Rg1 48. Bf3 Qh2+ 49. Bg2 Qxg2# 0-1

[Event "Titled Tuesday intern op 04th Mar Early"]
[Site "Chess.com INT"]
[Date "2025.03.04"]
[Round "9"]
[White "Silva, Lucas"]
[Black "Vakhlamov, Igor L"]
[Result "1/2-1/2"]
[WhiteElo "2248"]
[BlackElo "2413"]
[PlyCount "139"]
[EventDate "2025.03.04"]
[EventType "swiss (blitz)"]
[EventRounds "11"]
[EventCountry "USA"]
[SourceTitle "CB11_2025"]
[SourceDate "2025.03.12"]
[SourceVersion "1"]
[SourceVersionDate "2025.03.12"]
[SourceQuality "1"]

1. d4 d5 2. Nf3 Nf6 3. c4 e6 4. g3 c5 5. cxd5 cxd4 6. Bg2 Bc5 7. 0-0 0-0 8. Nxd4 Nxd5 9. Nb5 Nc6 10. N1c3 Nxc3 11. Nxc3 Qe7 12. a3 a5 13. Ne4 Rd8 14. Qc2 Ba7 15. Bg5 f6 16. Be3 Nd4 17. Bxd4 Bxd4 18. e3 Ba7 19. Rfd1 f5 20. Rxd8+ Qxd8 21. Rd1 Qf8 22. Nd6 h6 23. Nxb7 Bxb7 24. Bxb7 Rd8 25. Bf3 Kh7 26. Rxd8 Qxd8 27. Qc6 Qb6 28. Qxb6 Bxb6 29. Bc6 Kg6 30. Kf1 Kf6 31. Ke2 Ke5 32. Kd3 Kd6 33. Bb7 Kc7 34. Ba6 Kc6 35. Bc4 Kd6 36. Ba2 Bd8 37. Kc4 Bf6 38. b4 axb4 39. axb4 Bb2 40. Bb3 Bc1 41. Kd3 Ba3 42. Kc3 g5 43. h3 Kd7 44. Ba4+ Kd6 45. Be8 Ke7 46. Bc6 Kd6 47. Ba4 Kd5 48. Bb3+ Kd6 49. Bc2 Kd5 50. g4 fxg4 51. hxg4 e5 52. Bb3+ Kd6 53. Kc4 Bc1 54. Kd3 Ba3 55. b5 Bc5 56. Ke4 Bb4 57. Bc4 Be1 58. f3 Bd2 59. Bd3 Bc1 60. Bc4 Kc5 61. Be2 Kd6 62. Bd3 Bd2 63. Bb1 Bc1 64. Bd3 Bd2 65. Bc4 Kc5 66. Bf1 Kd6 67. Bd3 Bc1 68. Bb1 Bd2 69. Bc2 Bc1 70. Bd3 1/2-1/2

[Event "Titled Tuesday intern op 25th Feb Early"]
[Site "Chess.com INT"]
[Date "2025.02.25"]
[Round "5"]
[White "Pandey, Srishti"]
[Black "Silva, Lucas"]
[Result "1-0"]
[WhiteElo "2202"]
[BlackElo "2248"]
[PlyCount "75"]
[EventDate "2025.02.25"]
[EventType "swiss (blitz)"]
[EventRounds "11"]
[EventCountry "USA"]
[SourceTitle "CB10_2025"]
[SourceDate "2025.03.05"]
[SourceVersion "1"]
[SourceVersionDate "2025.03.05"]
[SourceQuality "1"]

1. e4 c5 2. Nf3 d6 3. d4 cxd4 4. Nxd4 Nf6 5. Nc3 a6 6. Be3 e5 7. Nb3 Be6 8. f3 Be7 9. Qd2 0-0 10. Nd5 Nbd7 11. c4 b5 12. cxb5 axb5 13. Bxb5 Nxd5 14. exd5 Bf5 15. 0-0 Bg6 16. a4 f5 17. Bc6 Rb8 18. Na5 Nf6 19. Bb5 Ra8 20. Nc6 Qc7 21. a5 f4 22. Bb6 Qb7 23. Nb4 Bd8 24. Bxd8 Qxb5 25. Be7 Rfb8 26. Bxd6 Rb7 27. a6 Rd7 28. Bxe5 Nxd5 29. Nxd5 Rxd5 30. Bd4 Rxa6 31. Qxf4 Rxa1 32. Rxa1 Qb7 33. h3 Rf5 34. Qe3 Qd5 35. Ra7 Rf7 36. Qe8+ Rf8 37. Rxg7+ Kh8 38. Qxf8+ 1-0

[Event "Titled Tuesday intern op 11th Feb Early"]
[Site "Chess.com INT"]
[Date "2025.02.11"]
[Round "9"]
[White "Silva, Lucas"]
[Black "Hamidov, Allahverdi"]
[Result "0-1"]
[WhiteElo "2248"]
[BlackElo "2223"]
[PlyCount "170"]
[EventDate "2025.02.11"]
[EventType "swiss (blitz)"]
[EventRounds "11"]
[EventCountry "USA"]
[SourceTitle "CB08_2025"]
[SourceDate "2025.02.19"]
[SourceVersion "1"]
[SourceVersionDate "2025.02.19"]
[SourceQuality "1"]

1. e4 Nf6 2. e5 Nd5 3. d4 d6 4. c4 Nb6 5. f4 dxe5 6. fxe5 Nc6 7. Nf3 Bg4 8. Be3 e6 9. Be2 Bxf3 10. gxf3 Qh4+ 11. Bf2 Qf4 12. Qd2 Bb4 13. Nc3 Qxd2+ 14. Kxd2 0-0-0 15. Kc2 Nxd4+ 16. Bxd4 Rxd4 17. Rad1 Bxc3 18. Kxc3 Rxd1 19. Rxd1 g5 20. Rg1 h6 21. f4 gxf4 22. Rg4 Nd7 23. Kd4 c5+ 24. Kc3 Nxe5 25. Rxf4 f5 26. Rf2 Rg8 27. b4 b6 28. a4 Kc7 29. a5 cxb4+ 30. Kxb4 Nc6+ 31. Kb5 Nxa5 32. Bh5 Nc6 33. c5 Rd8 34. cxb6+ axb6 35. Kc4 Ne5+ 36. Kc3 Rd3+ 37. Kc2 Rd6 38. Re2 Nc6 39. Kc3 e5 40. Rg2 Nd4 41. Rg7+ Rd7 42. Rg6 e4 43. Rxh6 e3 44. Kc4 e2 45. Bxe2 Nxe2 46. Rf6 Nd4 47. h4 Rd6 48. Rf7+ Kc6 49. h5 b5+ 50. Kc3 Kd5 51. Kd3 Ke5 52. Ke3 Rh6 53. Re7+ Ne6 54. Rb7 Rxh5 55. Rxb5+ Kf6 56. Kf2 Rg5 57. Rb8 Rg7 58. Rb6 f4 59. Kf3 Rg3+ 60. Kf2 Re3 61. Rb5 Re5 62. Rb4 Kf5 63. Rb8 Ng5 64. Rf8+ Kg4 65. Rg8 f3 66. Rf8 Re2+ 67. Kf1 Ne4 68. Rg8+ Kf4 69. Rf8+ Ke3 70. Kg1 Nd2 71. Re8+ Kd3 72. Rd8+ Kc2 73. Rf8 Kd1 74. Rf7 Ke1 75. Kh1 f2 76. Rf8 Ne4 77. Rf4 Re3 78. Kg2 Rg3+ 79. Kh2 f1Q 80. Rxe4+ Kd2 81. Re2+ Kxe2 82. Kxg3 Qf3+ 83. Kh2 Qg4 84. Kh1 Kf2 85. Kh2 Qh4# 0-1

[Event "Titled Tuesday intern op 11th Feb Early"]
[Site "Chess.com INT"]
[Date "2025.02.11"]
[Round "1"]
[White "Silva, Lucas"]
[Black "Pantelic, Sasa"]
[Result "0-1"]
[WhiteElo "2248"]
[BlackElo "2122"]
[PlyCount "56"]
[EventDate "2025.02.11"]
[EventType "swiss (blitz)"]
[EventRounds "11"]
[EventCountry "USA"]
[SourceTitle "CB08_2025"]
[SourceDate "2025.02.19"]
[SourceVersion "1"]
[SourceVersionDate "2025.02.19"]
[SourceQuality "1"]

1. d4 Nf6 2. c4 c5 3. d5 e6 4. Nc3 exd5 5. cxd5 d6 6. e4 g6 7. f4 Bg7 8. Bb5+ Nfd7 9. a4 0-0 10. Nf3 Na6 11. 0-0 Nb4 12. Be3 a6 13. Be2 Re8 14. Bf2 Nf6 15. e5 dxe5 16. d6 exf4 17. Bc4 Be6 18. Bxe6 Rxe6 19. Bxc5 Ng4 20. Qb3 a5 21. Rfd1 Rc8 22. Nd4 Rxc5 23. Nxe6 Qh4 24. h3 Qf2+ 25. Kh1 f3 26. Nf4 fxg2+ 27. Nxg2 Ne3 28. Nxe3 Rh5 0-1

[Event "Titled Tuesday intern op 11th Feb Early"]
[Site "Chess.com INT"]
[Date "2025.02.11"]
[Round "4"]
[White "Silva, Lucas"]
[Black "Zmijanac, Dusko"]
[Result "1-0"]
[WhiteElo "2248"]
[BlackElo "1984"]
[PlyCount "141"]
[EventDate "2025.02.11"]
[EventType "swiss (blitz)"]
[EventRounds "11"]
[EventCountry "USA"]
[SourceTitle "CB09_2025"]
[SourceDate "2025.02.27"]
[SourceVersion "1"]
[SourceVersionDate "2025.02.27"]
[SourceQuality "1"]

1. e4 Nf6 2. e5 Nd5 3. d4 d6 4. c4 Nb6 5. f4 dxe5 6. fxe5 c5 7. d5 Bf5 8. Nc3 e6 9. d6 Nc6 10. Nf3 Nb4 11. Nb5 Nc2+ 12. Kf2 Nxa1 13. Nc7+ Kd7 14. Nxa8 Qxa8 15. Nh4 Bc2 16. Qf3 f5 17. Bd3 Bxd3 18. Qxd3 Qe8 19. Be3 Qh5 20. Nf3 Qg4 21. Bxc5 Qxc4 22. Qxc4 Nxc4 23. Rxa1 b6 24. Bd4 Na5 25. Bc3 Nc6 26. b4 h6 27. b5 Nd8 28. a4 g5 29. a5 g4 30. Nd2 h5 31. axb6 axb6 32. Nc4 Bh6 33. Nxb6+ Ke8 34. Nc4 h4 35. Ra8 g3+ 36. hxg3 hxg3+ 37. Kf3 Bg5 38. b6 Kf7 39. Na5 Re8 40. b7 Nxb7 41. Rxe8 Kxe8 42. Nxb7 Kd7 43. Nc5+ Kc6 44. Nxe6 Kd5 45. Ng7 f4 46. d7 Kc6 47. e6 Kd6 48. Bb4+ Kc7 49. e7 Bxe7 50. Bxe7 Kxd7 51. Bg5 Kd6 52. Bxf4+ Ke7 53. Bxg3 Kf6 54. Nh5+ Kg6 55. Nf4+ Kf5 56. Bf2 Kf6 57. g4 Kf7 58. Bh4 Kg7 59. g5 Kf7 60. Kg4 Kg7 61. Be1 Kg8 62. Kf5 Kf7 63. g6+ Kg8 64. Kg5 Kh8 65. Kh6 Kg8 66. Bc3 Kf8 67. g7+ Kg8 68. Nd5 Kf7 69. Nf6 Ke6 70. g8Q+ Kf5 71. Qd5+ 1-0

[Event "Titled Tuesday intern op 11th Feb Early"]
[Site "Chess.com INT"]
[Date "2025.02.11"]
[Round "2"]
[White "Silvestre, Christian"]
[Black "Silva, Lucas"]
[Result "0-1"]
[WhiteElo "1992"]
[BlackElo "2248"]
[PlyCount "54"]
[EventDate "2025.02.11"]
[EventType "swiss (blitz)"]
[EventRounds "11"]
[EventCountry "USA"]
[SourceTitle "CB09_2025"]
[SourceDate "2025.02.27"]
[SourceVersion "1"]
[SourceVersionDate "2025.02.27"]
[SourceQuality "1"]

1. e4 c6 2. d4 d5 3. Nc3 dxe4 4. Nxe4 Nf6 5. Nxf6+ exf6 6. Nf3 Bd6 7. Be2 0-0 8. 0-0 Re8 9. c4 Nd7 10. Qc2 Nf8 11. Bd3 Bg4 12. Nd2 Ng6 13. h3 Be6 14. Ne4 Bc7 15. Be3 b6 16. Rad1 Qd7 17. d5 Bxh3 18. gxh3 Qxh3 19. d6 Nh4 20. f3 Nxf3+ 21. Rxf3 Qxf3 22. Bf2 f5 23. Nf6+ gxf6 24. dxc7 Kh8 25. Bxf5 Rg8+ 26. Kf1 Rae8 27. c8Q Qg2# 0-1

[Event "Titled Tuesday intern op 04th Feb Early"]
[Site "Chess.com INT"]
[Date "2025.02.04"]
[Round "1"]
[White "Anton Guijarro, David"]
[Black "Silva, Lucas"]
[Result "1-0"]
[WhiteElo "2668"]
[BlackElo "2248"]
[PlyCount "125"]
[EventDate "2025.02.04"]
[EventType "swiss (blitz)"]
[EventRounds "11"]
[EventCountry "USA"]
[SourceTitle "CB07_2025"]
[SourceDate "2025.02.12"]
[SourceVersion "1"]
[SourceVersionDate "2025.02.12"]
[SourceQuality "1"]

1. e4 c6 2. d4 d5 3. e5 Bf5 4. h4 h5 5. c4 e6 6. Nc3 dxc4 7. Bxc4 Nd7 8. Nge2 Be7 9. g3 Qb6 10. 0-0 Nh6 11. Bxh6 Rxh6 12. Bd3 Bxd3 13. Qxd3 0-0-0 14. Qe3 Kb8 15. Rab1 c5 16. d5 exd5 17. Nxd5 Qc6 18. Nxe7 Qe6 19. Qf4 Nxe5 20. Nf5 Rf6 21. Nxg7 Qe7 22. Nf5 Qe6 23. g4 hxg4 24. Neg3 Ka8 25. Rbe1 Nf3+ 26. Qxf3 gxf3 27. Rxe6 fxe6 28. Ne3 Rf4 29. h5 Rh4 30. Rd1 Rg8 31. Rd6 Rxh5 32. Rxe6 Rh4 33. Rf6 Rb4 34. b3 b5 35. Rxf3 c4 36. bxc4 bxc4 37. Rf4 Rc8 38. Kg2 a5 39. Rf5 c3 40. Rxa5+ Kb7 41. Ngf5 Rc6 42. Nc2 Rb2 43. Nfe3 Rg6+ 44. Kf3 Ra6 45. Rxa6 Kxa6 46. a3 Ra2 47. Ke4 Kb5 48. f4 Rb2 49. f5 Rb1 50. f6 Rh1 51. f7 Rh8 52. Ke5 Rf8 53. Kf6 Ka4 54. Ke7 Rc8 55. f8Q Rxf8 56. Kxf8 Kb3 57. Ke7 Ka4 58. Kd6 Kb3 59. Kd5 Ka4 60. Kc4 Ka5 61. Kxc3 Ka4 62. Kb2 Ka5 63. Kb3 1-0